| 000 | 00603nam a22002057a 4500 | ||
|---|---|---|---|
| 005 | 20170124110042.0 | ||
| 010 | _aA-294623 | ||
| 020 | _c00.00 | ||
| 035 | _aA-294623 | ||
| 037 | _bCen Lib/Ret | ||
| 040 |
_aDPL _bEN |
||
| 082 |
_a808.88 _bGAN |
||
| 100 |
_aGandhi, Mahatma _923903 |
||
| 245 |
_aQuotes of Gandhi / _cby Mahatma Gandhi ; compiled by Shalu Bhalla |
||
| 300 |
_a220p. _c16cm(Hb) |
||
| 650 |
_aM.K. Gandhi, his life, writings and speeches _923904 |
||
| 650 |
_aGandhi-Mahatma(1869-1948) _976159 |
||
| 700 |
_aBhalla, Shalu _923906 |
||
| 942 |
_2ddc _cEN _h808.88 _mGAN |
||
| 999 |
_c128610 _d128610 |
||